书目信息 |
| 题名: |
圣山来客
|
|
| 作者: | 达尔林普尔 著 ;余楠橘 译 | |
| 分册: | ||
| 出版信息: | 北京 社会科学文献出版社 2022 |
|
| 页数: | 523页 | |
| 开本: | 21cm | |
| 丛书名: | ||
| 单 册: | ||
| 中图分类: | I561.65 | |
| 科图分类: | ||
| 主题词: | 游记--作品集--英国--现代 | |
| 电子资源: | ||
| ISBN: | 978-7-5201-9002-2 | |
| 000 | 00960nam0 2200265 450 | |
| 001 | 011753366 | |
| 005 | 20220610143502.0 | |
| 010 | @a978-7-5201-9002-2@b精装@dCNY108.00 | |
| 100 | @a20220427d2022 em y0chiy0120 ea | |
| 101 | 1 | @achi@ceng |
| 102 | @aCN@b110000 | |
| 105 | @aa z 001cy | |
| 106 | @ar | |
| 200 | 1 | @a圣山来客@9sheng shan lai ke@e追寻拜占庭的余辉@dFrom the holy mountain@ea journey in the shadow of byzantium@f(英)威廉·达尔林普尔(William Dalrymple)[著]@g余楠橘译@zeng |
| 210 | @a北京@c社会科学文献出版社@d2022 | |
| 215 | @a523页@c照片,图@d21cm | |
| 305 | @a根据Harper Press2011年平装版译出 | |
| 510 | 1 | @aFrom the holy mountain@ea journey in the shadow of byzantium@zeng |
| 586 | @a | |
| 606 | 0 | @a游记@x作品集@y英国@z现代 |
| 690 | @aI561.65@v5 | |
| 701 | 0 | @c(英)@a达尔林普尔@9da er lin pu er@c(Dalrymple, William)@4著 |
| 702 | 0 | @a余楠橘@9yu nan ju@4译 |
| 801 | 0 | @aCN@c20220615 |
| 905 | @dI561.65@eD005@f1@sI561.65/D005@S@Z | |
| 圣山来客:追寻拜占庭的余辉=From the holy mountain:a journey in the shadow of byzantium/(英)威廉·达尔林普尔(William Dalrymple)[著]/余楠橘译.-北京:社会科学文献出版社,2022 |
| 523页:照片,图;21cm |
| ISBN 978-7-5201-9002-2(精装):CNY108.00 |
| ● |
| 相关链接 |
|
|
|
正题名:圣山来客
索取号:I561.65/D005
 
预约/预借
| 序号 | 登录号 | 条形码 | 馆藏地/架位号 | 状态 | 备注 |
| 1 | 21618701 | 216187016 | 文学库116/116文学库 22排2列5层/ [索取号:I561.65/D005] | 在馆 |